Razonabilidad y proporcionalidad en la jurisprudencia de la Corte Suprema de Justicia de la Nación : (Registro nro. 6158)
[ vista simple ]
| 000 -LEADER | |
|---|---|
| fixed length control field | 01336nabaa22002177a 4500 |
| 003 - CONTROL NUMBER IDENTIFIER | |
| control field | OSt |
| 005 - DATE AND TIME OF LATEST TRANSACTION | |
| control field | 20260123201053.0 |
| 008 - FIXED-LENGTH DATA ELEMENTS--GENERAL INFORMATION | |
| fixed length control field | 190701b xxu||||| |||| 00| 0 spa d |
| 040 ## - CATALOGING SOURCE | |
| Transcribing agency | PJ |
| 100 ## - MAIN ENTRY--PERSONAL NAME | |
| 9 (RLIN) | 5281 |
| Personal name | Silva Tamayo, Gustavo E. |
| 245 10 - TITLE STATEMENT | |
| Title | Razonabilidad y proporcionalidad en la jurisprudencia de la Corte Suprema de Justicia de la Nación : |
| Remainder of title | el caso del principio de igualdad / |
| Statement of responsibility, etc | Gustavo E. Silva Tamayo. |
| 300 ## - PHYSICAL DESCRIPTION | |
| Extent | p. 161-173 |
| 500 ## - GENERAL NOTE | |
| General note | Cita: TR LALEY AR/DOC/3182/2023 |
| 505 ## - FORMATTED CONTENTS NOTE | |
| Formatted contents note | Sumario: I. Introducción y planteo de la cuestión.— II. La distinción entre razonabilidad y proporcionalidad.— III. El control de razonabilidad en el sistema de los Estados Unidos.— IV. El examen de proporcionalidad.— V. Las restricciones al principio de libertad en la jurisprudencia de la Corte Suprema de Justicia argentina.— VI. La regla de la proporcionalidad en la jurisprudencia de la Corte Suprema.— VII. Conclusión. |
| 505 ## - FORMATTED CONTENTS NOTE | |
| Title | ¿Te interesa el texto completo? Comunicate al correo: koha@justierradelfuego.gov.ar |
| 650 #0 - SUBJECT ADDED ENTRY--TOPICAL TERM | |
| 9 (RLIN) | 211 |
| Topical term or geographic name as entry element | DERECHO ADMINISTRATIVO |
| 650 #0 - SUBJECT ADDED ENTRY--TOPICAL TERM | |
| 9 (RLIN) | 4833 |
| Topical term or geographic name as entry element | PRINCIPIO DE PROPORCIONALIDAD |
| 650 #0 - SUBJECT ADDED ENTRY--TOPICAL TERM | |
| 9 (RLIN) | 699 |
| Topical term or geographic name as entry element | FALLOS DE LA CORTE SUPREMA |
| 773 0# - HOST ITEM ENTRY | |
| Host Biblionumber | 2842 |
| Host Itemnumber | 3251 |
| Place, publisher, and date of publication | Buenos Aires : AbeledoPerrot, 2012- |
| Other item identifier | DA121 |
| Title | Derecho administrativo. Nº 151 enero/febrero 2024 |
| International Standard Book Number | 18510590 |
| 942 ## - ADDED ENTRY ELEMENTS (KOHA) | |
| Source of classification or shelving scheme | |
| Koha item type | Analítica Artículo de Revista |
No hay ítems disponibles.
